Actas del primer congreso internacional de hispanistas
Spremljeno u:
| Glavni autori: | , |
|---|---|
| Format: | Knjiga |
| Jezik: | španjolski |
| Izdano: |
Oxford
The Dolphin Book
1964
|
| Teme: | |
| Oznake: |
Dodaj oznaku
Bez oznaka, Budi prvi tko označuje ovaj zapis!
|
MARC
| LEADER | 00000nam a2200000 a 4500 | ||
|---|---|---|---|
| 001 | UCT7680 | ||
| 003 | CL-VaPUC | ||
| 005 | 20230116112757.0 | ||
| 008 | 970123e19640000UK |||||||||||||||||spa|d | ||
| 999 | |c 256231 |d 256229 | ||
| 040 | |c Pontificia Universidad Católica de Valparaíso | ||
| 082 | 0 | 4 | |a H860.9 |b PIE |2 21 |
| 100 | 0 | |a Pierce, Frank |e author |9 378703 | |
| 245 | 1 | 0 | |a Actas del primer congreso internacional de hispanistas |
| 260 | |a Oxford |b The Dolphin Book |c 1964 | ||
| 300 | |a 494 p | ||
| 583 | |a last modification |c 19970123 00:00:00 |k Rodrigo Vera | ||
| 600 | 0 | |a Güiraldes, Ricardo, |d 1886-1927 |9 879898 | |
| 600 | 0 | 7 | |a ESCOBEDO, ALONSO DE |2 CL-VaPUC |9 378705 |
| 600 | 0 | 7 | |a BAROJA, PIO |2 CL-VaPUC |9 322211 |
| 600 | 0 | 7 | |a BERCEO, GONZALO DE |2 CL-VaPUC |9 308429 |
| 600 | 0 | |a Borges, Jorge Luis |e autor |9 322093 | |
| 650 | 0 | |a Literatura hispanoamericana |9 269097 | |
| 650 | 0 | |a Literatura española |9 306261 | |
| 650 | 0 | |a Crítica literaria |9 269189 | |
| 650 | 0 | |a Congresos |9 257560 | |
| 650 | 0 | |a Crítica e interpretación |9 255042 | |
| 700 | 0 | |a Jones, Cyril A |e author |9 378704 | |
| 942 | |c BK |2 ddc | ||
| 945 | |d 19970123 00:00:00 |a rleighto | ||
| 952 | |0 0 |1 0 |4 0 |6 H_860_900000000000000_PIE_1964 |7 0 |8 A |9 278848 |a BIBEDU |b BIBEDU |d 2019-11-19 |i 327263K |o H860.9 PIE 1964 |p 327263K |r 2019-11-19 |w 2019-11-19 |y BK |k LIT | ||